Skúmanie pravosti odtlačkov pečiatok v dokumentoch bakalárska práca

Gespeichert in:
Bibliographische Detailangaben
1. Verfasser: Arvensis, Igor
Format: Buch
Sprache:Slowakisch
Veröffentlicht: Bratislava STU FCHPT 2015
Online-Zugang:Im OPAC anzeigen
Tags: Tag hinzufügen
Keine Tags, Fügen Sie das erste Tag hinzu!

MARC

LEADER 00000nam a2200000 a 4500
005 20260127134232.0
008 151125 2015 000 0 slo d
035 |a vtls011424249 
039 9 |y 201511250914  |z mschk03 
040 |a STUSCHK1  |b slo  |c STUSCHK1  |e AACR2 
100 1 |a Arvensis, Igor 
245 1 |a Skúmanie pravosti odtlačkov pečiatok v dokumentoch  |b bakalárska práca  |c Igor Arvensis 
260 |a Bratislava  |b STU FCHPT  |c 2015 
300 |a 48 s.  |b il.  |c 25 cm 
500 |a Študijný program: chémia, medicínska chémia a chemické materiály 
500 |a Študijný odbor: chémia, chemické technológie 
500 |a Školiace pracovisko: Odd. polygrafie a aplikovanej fotochémie 
500 |a Evid. číslo: 13569-42430 
910 |a SCHK95 
999 |c 7417  |d 7417